000 00747nam a2200217Ii 4500
003 JO-AjNU
008 230605s9999||||xx |||||||||||||| ||und||
020 _a977-270-942-2
040 _aJO-AjNU
_bara
_erda
_cJO-AjNU
041 _aara
050 1 4 _aCS3070.T372.2005
100 3 _aالطرابيلى، عباس,
_eauthor
_936708
245 0 0 _aغرائب الاسماء المصرية والعربية
250 _aط2
264 3 1 _aالقاهرة: الدار المصرية اللبنانية، 2005
300 _a265ص
336 _atext
_btxt
_2rdacontent
337 _aunmediated
_bn
_2rdamedia
338 _avolume
_bnc
_2rdacarrier
650 4 _aالاسماء العربية -غرائب/الاسماء المصرية-غرائب
_936709
999 _aA15275
_c18843
_d18843